El ser en el espíritu

שמור ב:
מידע ביבליוגרפי
מחבר ראשי: Camón Aznar, José (Author)
פורמט: ספר
שפה:ספרדית
יצא לאור: Madrid Gredos 1959
סדרה:Biblioteca Hispánica de Filosofía
נושאים:
תגים: הוספת תג
אין תגיות, היה/י הראשונ/ה לתייג את הרשומה!

MARC

LEADER 00000nam a2200000 a 4500
001 UCP4392
003 CL-VaPUC
008 990724e19590000SP |||||||||||||||||spa|d
082 0 4 |a 196.1  |b CAM  |2 21 
100 0 |a Camón Aznar, José  |e author  |9 431882 
245 1 3 |a El ser en el espíritu 
300 |a 318 p 
942 |c BK 
945 |d 19990724 00:00:00  |a crobeson 
260 |a Madrid  |b Gredos  |c 1959 
650 0 |a Filosofía española   |9 254895 
650 0 |a Filosofía del espíritu  |9 320175 
650 0 |a Metafísica  |9 265649 
650 0 |a Ontología   |9 256850 
650 0 |a Historia de la filosofía  |9 256920 
583 |a last modification  |c 19990724 00:00:00  |k Rodrigo Vera 
490 0 |a Biblioteca Hispánica de Filosofía 
999 |c 282375  |d 282373 
952 |0 0  |1 0  |4 0  |6 196_100000000000000_CAM_1959  |7 0  |8 A  |9 324041  |a BIBHIS  |b BIBHIS  |d 2019-11-20  |i 1354442  |o 196.1 CAM 1959  |p 1354442  |r 2025-01-20  |w 2019-11-20  |y BK  |k HIS